|
|
|
|
| LEADER |
01466nam a22003497a 4500 |
| 001 |
44507 |
| 003 |
BD-DhAAL |
| 005 |
20250723120632.0 |
| 008 |
250723t1996 ii 000 1 eng d |
| 010 |
|
|
|a 82048884
|
| 020 |
|
|
|a 0140157549
|
| 020 |
|
|
|a 9780140157543
|
| 040 |
|
|
|a BD-DhAAL
|c BD-DhAAL
|
| 041 |
1 |
|
|a eng
|h spa
|
| 082 |
0 |
0 |
|a 863
|2 23
|
| 100 |
1 |
|
|a García Márquez, Gabriel,
|d 1927-2014,
|e author.
|
| 240 |
1 |
0 |
|a Crónica de una muerte anunciada.
|l English
|
| 245 |
1 |
0 |
|a Chronicle of a death foretold /
|c Gabriel García Márquez ; translated from the Spanish by Gregory Rabassa.
|
| 260 |
|
|
|a New Delhi :
|b Penguin Books,
|c 1996.
|
| 300 |
|
|
|a 120 pages ;
|c 22 cm
|
| 500 |
|
|
|a Translation of: Crónica de una muerte anunciada.
|
| 541 |
|
|
|a Donated by Farhana Zahir, Assistant Professor, BRAC Business School
|e 44507
|
| 650 |
|
0 |
|a Death
|v Fiction.
|
| 650 |
|
0 |
|a Honor
|v Fiction.
|9 58821
|
| 650 |
|
0 |
|a Murder
|v Fiction.
|
| 650 |
|
0 |
|a Revenge
|v Fiction.
|
| 651 |
|
0 |
|a Colombia
|v Fiction.
|9 40069
|
| 700 |
|
|
|a Rabassa, Gregory,
|e translator.
|9 26586
|
| 852 |
|
|
|a Ayesha Abed Library
|c General Stacks
|
| 942 |
|
|
|2 ddc
|c BK
|
| 999 |
|
|
|c 47344
|d 47344
|
| 952 |
|
|
|0 0
|1 0
|2 ddc
|4 0
|6 863_000000000000000_GAR
|7 0
|9 77892
|a BRACUL
|b BRACUL
|c NEW
|d 2025-07-23
|e Donated by Farhana Zahir, Assistant Professor, BRAC Business School
|l 3
|m 33
|o 863 GAR
|p 3010044507
|q 2026-05-21
|r 2026-04-07
|s 2026-04-07
|t 1
|w 2025-07-23
|y BK
|x Donated by Farhana Zahir, Assistant Professor, BRAC Business School ;
|